000 00647nam a2200241Ia 4500
003 OSt
005 20221005084405.0
006 a|||||r|||| 00| 0
007 ta
008 221004b |||||||| |||| 00| 0 eng d
024 _a49683
037 _cTextual
040 _aCRL
_cCRL
_beng
041 _2eng
_aeng
082 _aT3:76.3, M3
100 _aHendry Leo B
_9449102
245 0 _aGrowing up and going out
_b Adolescents and leisure
260 _aNew York
_bAberdeen University
_c1983
300 _a212p
_ccm.
650 _aADULT EDUCATION
942 _hT3:76.3, M3
_cTEXL
_2cc
999 _c992517
_d992517